<?xml version="1.0" encoding="UTF-8"?>
<record
    xmlns:xsi="http://www.w3.org/2001/XMLSchema-instance"
    xsi:schemaLocation="http://www.loc.gov/MARC21/slim http://www.loc.gov/standards/marcxml/schema/MARC21slim.xsd"
    xmlns="http://www.loc.gov/MARC21/slim">

  <leader>01731nam a22003254a 4500</leader>
  <controlfield tag="001">504</controlfield>
  <controlfield tag="003">BR-IBIA</controlfield>
  <controlfield tag="005">20260129102449.0</controlfield>
  <controlfield tag="008">161006s2015    bl a   g      000 f por  </controlfield>
  <datafield tag="020" ind1=" " ind2=" ">
    <subfield code="a">9788562936524</subfield>
  </datafield>
  <datafield tag="040" ind1=" " ind2=" ">
    <subfield code="b">por</subfield>
  </datafield>
  <datafield tag="041" ind1="1" ind2=" ">
    <subfield code="a">por</subfield>
    <subfield code="h">eng</subfield>
  </datafield>
  <datafield tag="082" ind1="0" ind2="4">
    <subfield code="a">813</subfield>
    <subfield code="b">M381c</subfield>
  </datafield>
  <datafield tag="100" ind1="1" ind2=" ">
    <subfield code="a">Martin, George R. R.,</subfield>
    <subfield code="d">1948-</subfield>
    <subfield code="9">1062</subfield>
  </datafield>
  <datafield tag="240" ind1="0" ind2="2">
    <subfield code="a">A game of thrones.</subfield>
  </datafield>
  <datafield tag="245" ind1="1" ind2="2">
    <subfield code="a">A guerra dos tronos /</subfield>
    <subfield code="c">George R. R. Martin ; tradu&#xE7;&#xE3;o Jorge Candeiais.</subfield>
  </datafield>
  <datafield tag="250" ind1=" " ind2=" ">
    <subfield code="a">1. ed. -</subfield>
  </datafield>
  <datafield tag="260" ind1=" " ind2=" ">
    <subfield code="a">S&#xE3;o Paulo :</subfield>
    <subfield code="b">Leya</subfield>
    <subfield code="c">2015</subfield>
  </datafield>
  <datafield tag="300" ind1=" " ind2=" ">
    <subfield code="a">587p. :</subfield>
    <subfield code="b">il. ;</subfield>
  </datafield>
  <datafield tag="520" ind1=" " ind2=" ">
    <subfield code="a">Em uma terra onde o ver&#xE3;o pode durar d&#xE9;cadas e o inverno toda uma vida, os problemas est&#xE3;o apenas come&#xE7;ando. O frio est&#xE1; de volta e, nas florestas ao norte de Winterfell, for&#xE7;as sobrenaturais se espalham por tr&#xE1;s da Muralha que protege a regi&#xE3;o. No centro do conflito est&#xE3;o os Stark do reino de Winterfell, uma fam&#xED;lia t&#xE3;o &#xE1;spera quanto as terras que lhe pertencem. Dos lugares onde o frio &#xE9; brutal, at&#xE9; os distantes reinos de plenitude e sol, George R. R. Martin narra uma hist&#xF3;ria de lordes e damas, soldados e mercen&#xE1;rios, assassinos e bastardos, que se juntam em um tempo de press&#xE1;gios malignos. Entre disputas por reinos, trag&#xE9;dias e trai&#xE7;&#xF5;es, vit&#xF3;ria e terror, o destino dos Stark, seus aliados e seus inimigos &#xE9; incerto. Mas cada um est&#xE1; se esfor&#xE7;ando para ganhar este conflito mortal: a guerra dos tronos.

</subfield>
  </datafield>
  <datafield tag="650" ind1=" " ind2=" ">
    <subfield code="a">Literatura Americana</subfield>
    <subfield code="9">84</subfield>
  </datafield>
  <datafield tag="650" ind1=" " ind2=" ">
    <subfield code="a">Fantasia &#xE9;pica</subfield>
    <subfield code="9">902</subfield>
  </datafield>
  <datafield tag="650" ind1=" " ind2=" ">
    <subfield code="a">Magia</subfield>
    <subfield code="9">785</subfield>
  </datafield>
  <datafield tag="650" ind1=" " ind2="0">
    <subfield code="a">Mundos fict&#xED;cios</subfield>
    <subfield code="9">1086</subfield>
  </datafield>
  <datafield tag="655" ind1=" " ind2=" ">
    <subfield code="a">Romance</subfield>
    <subfield code="9">23</subfield>
  </datafield>
  <datafield tag="655" ind1=" " ind2=" ">
    <subfield code="a">Fic&#xE7;&#xE3;o</subfield>
    <subfield code="9">22</subfield>
  </datafield>
  <datafield tag="700" ind1="1" ind2=" ">
    <subfield code="a">Candeias, Jorge,</subfield>
    <subfield code="d">1966-</subfield>
    <subfield code="9">1064</subfield>
  </datafield>
  <datafield tag="830" ind1=" " ind2=" ">
    <subfield code="a">As cr&#xF4;nicas de gelo e fogo</subfield>
    <subfield code="v">v.1</subfield>
    <subfield code="9">1063</subfield>
  </datafield>
  <datafield tag="942" ind1=" " ind2=" ">
    <subfield code="2">ddc</subfield>
    <subfield code="n">0</subfield>
    <subfield code="c">BK</subfield>
  </datafield>
  <datafield tag="952" ind1=" " ind2=" ">
    <subfield code="0">0</subfield>
    <subfield code="1">0</subfield>
    <subfield code="2">ddc</subfield>
    <subfield code="4">0</subfield>
    <subfield code="7">0</subfield>
    <subfield code="8">FIC</subfield>
    <subfield code="a">BIBIB</subfield>
    <subfield code="b">BIBIB</subfield>
    <subfield code="c">LE</subfield>
    <subfield code="d">2026-01-29</subfield>
    <subfield code="e">doa&#xE7;&#xE3;o</subfield>
    <subfield code="l">0</subfield>
    <subfield code="o">813 / M381c</subfield>
    <subfield code="p">2026-17439</subfield>
    <subfield code="r">2026-01-29 09:13:30</subfield>
    <subfield code="w">2026-01-29</subfield>
    <subfield code="y">BK</subfield>
  </datafield>
  <datafield tag="999" ind1=" " ind2=" ">
    <subfield code="c">504</subfield>
    <subfield code="d">504</subfield>
  </datafield>
</record>
